000 00585nam a22002297a 4500
003 UA-OsUOA
001 91299
007 ta
008 20121126b un ||||| |||| 00| 0 ukr d
100 _aСидоряк Н.
090 _a821.161.2
_bС34
942 _cBK
040 _aUA-OsUOA
_bukr
_cUA-OsUOA
_dUA-OsUOA
245 _aЖелезная трава. Иосиф Прекрасный
_bроманы
300 _a454 с.
955 _a3
041 _aukr
080 _a821.161.2
260 _aМ.
_bСоветский писатель
_c1982
650 7 _2UDC
999 _c377583
_d377583